000
00269 a2200133 4500
001
194788
040
_c
Magnum
100
_a
Alencar, José de
240
1
0
_a
Cinco Minutos
_l
por
245
1
0
_a
Cinco Minutos
300
_a
38
697
_a
LITERATURA GERAL
942
_c
BK
999
_c
194788
_d
194788